[Event "Mediterranean Flower (Women)"]
[Site "Rijeka"]
[Date "2005.03.12"]
[Round "9"]
[White "Srebrnic, Ana"]
[Black "Pahor, Andrea"]
[Result "1/2-1/2"]
[WhiteElo "2226"]
[BlackElo "2067"]
[PlyCount "31"]
[EventDate "2005.03.05"]
[EventType "tourn"]
[EventRounds "9"]
[EventCountry "CRO"]
[SourceTitle "CBM 105 Extra"]
[Source "ChessBase"]
[SourceDate "2005.05.01"]
[SourceVersion "1"]
[SourceVersionDate "2005.05.01"]
[SourceQuality "1"]

1. Nf3 Nf6 2. c4 e6 3. Nc3 d5 4. d4 c6 5. Bg5 Be7 6. e3 Nbd7 7. cxd5 exd5 8. Qc2 0-0 9. Bd3 Re8 10. 0-0 a6 11. Bh4 Ne4 12. Bxe7 Qxe7 13. Bxe4 dxe4 14. Nd2 Nf6 15. Na4 Ng4 16. h3 1/2-1/2

[Event "Zadar op (Women)"]
[Site "Zadar"]
[Date "2004.12.19"]
[Round "9.2"]
[White "Pahor, Andrea"]
[Black "Olarasu, Gabriela"]
[Result "1/2-1/2"]
[WhiteElo "2063"]
[BlackElo "2325"]
[PlyCount "80"]
[EventDate "2004.12.13"]
[EventType "swiss"]
[EventRounds "9"]
[EventCountry "CRO"]
[SourceTitle "EXT 2006"]
[Source "ChessBase"]
[SourceDate "2005.11.24"]
[SourceVersion "1"]
[SourceVersionDate "2005.11.24"]
[SourceQuality "1"]

1. c4 e6 2. g3 d5 3. b3 d4 4. Bg2 c5 5. Nf3 Nc6 6. d3 Nf6 7. 0-0 Be7 8. Bb2 0-0 9. e3 e5 10. exd4 exd4 11. h3 h6 12. Re1 Be6 13. a3 a5 14. Nbd2 Qd7 15. Kh2 Bf5 16. Qc2 Rfe8 17. Re2 Bd6 18. Rae1 Rxe2 19. Rxe2 g5 20. Bc1 Re8 21. Rxe8+ Qxe8 22. Bf1 Kg7 23. Qd1 Qe6 24. Qe1 Qxe1 25. Nxe1 b6 26. Ndf3 Nd7 27. Kg2 f6 28. Be2 Nde5 29. Bd2 Bd7 30. Nh2 Ne7 31. Nhf3 Bc6 32. Kg1 N7g6 33. Nh2 Bd7 34. Kg2 a4 35. bxa4 Bxa4 36. Nhf3 b5 37. cxb5 Bxb5 38. Bc1 Bc6 39. Kg1 Bb5 40. Bb2 Nxf3+ 1/2-1/2

[Event "Porec op"]
[Site "Porec"]
[Date "2004.12.03"]
[Round "3"]
[White "Paljusaj, Edmond"]
[Black "Pahor, Andrea"]
[Result "1-0"]
[WhiteElo "2216"]
[BlackElo "2063"]
[PlyCount "129"]
[EventDate "2004.12.02"]
[EventType "swiss"]
[EventRounds "7"]
[EventCountry "CRO"]
[SourceTitle "CBM 103 Extra"]
[Source "ChessBase"]
[SourceDate "2005.01.01"]
[SourceVersion "1"]
[SourceVersionDate "2005.01.01"]
[SourceQuality "1"]

1. e4 c5 2. Nf3 a6 3. Nc3 e6 4. d4 cxd4 5. Nxd4 b5 6. g3 Bb7 7. Bg2 Qc7 8. 0-0 d6 9. Re1 Nf6 10. a4 bxa4 11. Nd5 Nxd5 12. exd5 e5 13. Ra3 Be7 14. Rc3 Qd7 15. Ne6 fxe6 16. dxe6 Qb5 17. Rc7 Nc6 18. Qf3 Rf8 19. Qc3 Rxf2 20. Bxc6+ Bxc6 21. Rxc6 Rf6 22. Rc8+ Rxc8 23. Qxc8+ Bd8 24. Be3 Ke7 25. c4 Qe8 26. c5 Rxe6 27. cxd6+ Kf7 28. d7 Qe7 29. Bc5 Qg5 30. Be3 Qe7 31. Rd1 h6 32. Qc4 Kg8 33. Bc5 Qf7 34. Qd5 Kh7 35. Qa8 Qf6 36. Rf1 Qg5 37. Qe4+ Rg6 38. Kg2 Qd2+ 39. Rf2 Qxd7 40. Be3 Qc6 41. Qxc6 Rxc6 42. h4 Bf6 43. Kh3 Rd6 44. Re2 Rd3 45. Kg4 Rb3 46. Bc1 Rb4+ 47. Kf5 Rc4 48. Be3 Rc6 49. h5 Rc7 50. Rd2 Rb7 51. g4 Rb3 52. Ke4 Rb4+ 53. Kf5 Rb3 54. Ke4 Kg8 55. Rd6 Rxb2 56. Rxa6 Rb4+ 57. Kf5 Rb8 58. Rxa4 Kf7 59. Ra7+ Ke8 60. Bxh6 Rb4 61. Bxg7 Rf4+ 62. Ke6 Bg5 63. Ra8+ Bd8 64. g5 Rc4 65. Bf6 1-0

[Event "Porec op"]
[Site "Porec"]
[Date "2004.12.02"]
[Round "1"]
[White "Pahor, Andrea"]
[Black "Franic, Milan"]
[Result "0-1"]
[WhiteElo "2063"]
[BlackElo "2414"]
[PlyCount "74"]
[EventDate "2004.12.02"]
[EventType "swiss"]
[EventRounds "7"]
[EventCountry "CRO"]
[SourceTitle "CBM 103 Extra"]
[Source "ChessBase"]
[SourceDate "2005.01.01"]
[SourceVersion "1"]
[SourceVersionDate "2005.01.01"]
[SourceQuality "1"]

1. e4 c5 2. Nf3 d6 3. Bb5+ Bd7 4. Bxd7+ Qxd7 5. 0-0 Nf6 6. Re1 Nc6 7. c3 e6 8. d4 cxd4 9. cxd4 d5 10. e5 Ne4 11. Nbd2 Nxd2 12. Bxd2 Rc8 13. Rc1 Be7 14. Bg5 Bb4 15. Re2 Ba5 16. Rec2 0-0 17. a3 Bb6 18. b4 a6 19. h4 f6 20. exf6 gxf6 21. Bh6 Rfe8 22. Qd2 Qf7 23. a4 Ra8 24. Rb2 Qg6 25. Rb3 Kh8 26. Be3 Qg4 27. Qd1 Rg8 28. g3 Bc7 29. b5 axb5 30. axb5 Bxg3 31. bxc6 Ra2 32. Bd2 Bxh4+ 33. Kf1 Qg2+ 34. Ke2 Qxf2+ 35. Kd3 Rg3 36. cxb7 Rxf3+ 37. Qxf3 Qxd2# 0-1

[Event "CRO-chT (Women)"]
[Site "Rabac"]
[Date "2004.09.07"]
[Round "3"]
[White "Pahor, Andrea"]
[Black "Bocina, Marija"]
[Result "1-0"]
[WhiteElo "2063"]
[BlackElo "2010"]
[PlyCount "47"]
[EventDate "2004.09.05"]
[EventType "team-swiss"]
[EventRounds "9"]
[EventCountry "CRO"]
[SourceTitle "CBM 102 Extra"]
[Source "ChessBase"]
[SourceDate "2004.11.03"]
[SourceVersion "1"]
[SourceVersionDate "2004.11.03"]
[SourceQuality "1"]

1. c4 f5 2. d4 Nf6 3. g3 g6 4. Bg2 Bg7 5. Nf3 0-0 6. 0-0 d6 7. Nc3 Qe8 8. d5 e5 9. dxe6 Qxe6 10. Ng5 Qd7 11. Nd5 c6 12. Nxf6+ Bxf6 13. e4 Qe7 14. h4 Na6 15. Bf4 Be5 16. Bxe5 dxe5 17. exf5 Bxf5 18. Qe2 Rfe8 19. Rad1 Rad8 20. Rfe1 Rxd1 21. Rxd1 Qc5 22. g4 Be6 23. Ne4 Qf8 24. g5 1-0

[Event "Kostrena op"]
[Site "Kostrena"]
[Date "2004.08.31"]
[Round "6"]
[White "Muslija, Idris"]
[Black "Pahor, Andrea"]
[Result "1/2-1/2"]
[WhiteElo "2204"]
[BlackElo "2063"]
[PlyCount "130"]
[EventDate "2004.08.26"]
[EventType "swiss"]
[EventRounds "9"]
[EventCountry "CRO"]
[SourceTitle "CBM 102 Extra"]
[Source "ChessBase"]
[SourceDate "2004.11.03"]
[SourceVersion "1"]
[SourceVersionDate "2004.11.03"]
[SourceQuality "1"]

1. e4 c5 2. Nf3 a6 3. c4 d6 4. d4 Bg4 5. d5 g6 6. Qb3 Qc7 7. Nfd2 Bg7 8. h3 Bc8 9. Nf3 Nf6 10. Nc3 Nbd7 11. Bf4 0-0 12. g4 Rb8 13. a4 b6 14. Bd3 Ne5 15. Nxe5 dxe5 16. Bg5 Ne8 17. f3 Nd6 18. h4 h6 19. Be3 Bd7 20. Rc1 Qb7 21. h5 g5 22. Qa3 Rfc8 23. a5 bxa5 24. Bxc5 Qxb2 25. 0-0 Qxa3 26. Bxa3 Rb3 27. Bxd6 exd6 28. Kf2 Bf6 29. Ke3 a4 30. Kd2 Bd8 31. Nd1 Ba5+ 32. Ke2 Bb6 33. Rc2 a3 34. Ra2 Bc5 35. Bc2 Rb4 36. Bd3 Rb6 37. Bc2 Bb4 38. Ne3 Bc5 39. Nd1 a5 40. Kd3 a4 41. Ke2 Bd4 42. Bd3 Rb3 43. Kd2 Bb2 44. Kc2 Bd4 45. Kd2 Bc5 46. Ke2 Rc7 47. Rh1 Bc8 48. Rc2 Bd4 49. Kd2 Ba6 50. Be2 Bb2 51. Rf1 Rb4 52. Nc3 Bxc4 53. Na2 Bxa2 54. Rxc7 Bb3 55. Rcc1 Bxc1+ 56. Rxc1 Rd4+ 57. Ke3 a2 58. Ra1 Kf8 59. Bd3 Ke7 60. Be2 Kd8 61. Bd3 Kc7 62. Be2 Kb6 63. Rc1 Kb7 64. Bd3 Kb6 65. Be2 Kb7 1/2-1/2

[Event "Mediterranean Flower (Women)"]
[Site "Rijeka"]
[Date "2004.03.14"]
[Round "9"]
[White "Macek, Vlasta"]
[Black "Pahor, Andrea"]
[Result "1-0"]
[WhiteElo "2209"]
[BlackElo "2062"]
[PlyCount "117"]
[EventDate "2004.03.06"]
[EventType "tourn"]
[EventRounds "9"]
[EventCountry "CRO"]
[SourceTitle "CBM 099 Extra"]
[Source "ChessBase"]
[SourceDate "2004.05.04"]
[SourceVersion "1"]
[SourceVersionDate "2004.05.04"]
[SourceQuality "1"]

1. d4 Nf6 2. c4 e6 3. Nc3 Bb4 4. Qc2 c5 5. dxc5 Bxc5 6. Nf3 Be7 7. Bg5 d6 8. e4 h6 9. Bh4 a6 10. Be2 Nbd7 11. 0-0 Qc7 12. Rfd1 0-0 13. Rac1 b6 14. Nd4 Ne5 15. b3 Bd7 16. f3 Rac8 17. Bf2 Qb7 18. Qd2 Rfd8 19. a4 Ng6 20. Bf1 Ne5 21. h3 Ng6 22. Re1 Nh5 23. Rcd1 Qc7 24. Nde2 Bc6 25. g4 Nf6 26. Bg2 d5 27. Qc2 dxe4 28. Nxe4 Nxe4 29. fxe4 Bd6 30. Rd4 Be5 31. Rxd8+ Rxd8 32. Rd1 Bb7 33. Rd3 Rd6 34. Qd2 Qd8 35. Rxd6 Bxd6 36. Kf1 Qc7 37. Qc3 Be5 38. Qb4 Qd7 39. Qxb6 Qd1+ 40. Be1 Nh4 41. Bh1 Qd3 42. Bxh4 Qxh3+ 43. Bg2 Qxh4 44. Qxb7 Qf6+ 45. Kg1 Qh4 46. Qb4 Bh2+ 47. Kf1 Qf6+ 48. Ke1 Qa1+ 49. Kd2 Qb2+ 50. Ke3 Bg1+ 51. Nxg1 Qxg2 52. Ne2 Qh3+ 53. Kd2 Qxg4 54. c5 f5 55. Qc4 f4 56. c6 f3 57. c7 Qg5+ 58. Kc2 fxe2 59. c8Q+ 1-0

[Event "Mediterranean Flower (Women)"]
[Site "Rijeka"]
[Date "2004.03.11"]
[Round "6"]
[White "Pahor, Andrea"]
[Black "Jelica, Mara"]
[Result "0-1"]
[WhiteElo "2062"]
[BlackElo "2222"]
[PlyCount "66"]
[EventDate "2004.03.06"]
[EventType "tourn"]
[EventRounds "9"]
[EventCountry "CRO"]
[SourceTitle "CBM 099 Extra"]
[Source "ChessBase"]
[SourceDate "2004.05.04"]
[SourceVersion "1"]
[SourceVersionDate "2004.05.04"]
[SourceQuality "1"]

1. e4 c5 2. Nf3 Nc6 3. Bb5 d6 4. Bxc6+ bxc6 5. h3 e5 6. 0-0 Nf6 7. Re1 Be7 8. c3 0-0 9. d4 cxd4 10. cxd4 Qc7 11. Nbd2 Rd8 12. Qc2 exd4 13. Nxd4 c5 14. Nb5 Qc6 15. Nc3 Be6 16. Nf1 d5 17. exd5 Nxd5 18. Nxd5 Qxd5 19. Bf4 Bf6 20. Ne3 Qd4 21. Bg3 Qb4 22. a3 Qxb2 23. Qxc5 Bd4 24. Qg5 h6 25. Qf4 Qb3 26. Rab1 Qxa3 27. Nc2 Qc5 28. Nxd4 Rxd4 29. Qf3 Rad8 30. Rbc1 Qg5 31. Rc7 Rd3 32. Qb7 Bd5 33. Qxa7 Rxg3 0-1

[Event "Mediterranean Flower (Women)"]
[Site "Rijeka"]
[Date "2004.03.09"]
[Round "4"]
[White "Grobelsek, Ana"]
[Black "Pahor, Andrea"]
[Result "1-0"]
[WhiteElo "2122"]
[BlackElo "2062"]
[PlyCount "51"]
[EventDate "2004.03.06"]
[EventType "tourn"]
[EventRounds "9"]
[EventCountry "CRO"]
[SourceTitle "CBM 099 Extra"]
[Source "ChessBase"]
[SourceDate "2004.05.04"]
[SourceVersion "1"]
[SourceVersionDate "2004.05.04"]
[SourceQuality "1"]

1. e4 c5 2. Nf3 a6 3. d3 d6 4. g3 Nf6 5. Bg2 e6 6. 0-0 Be7 7. c3 Nc6 8. Qe2 0-0 9. h3 Qc7 10. d4 d5 11. Bf4 Qb6 12. e5 Nd7 13. Rd1 cxd4 14. cxd4 f6 15. exf6 Nxf6 16. Nc3 Bd7 17. h4 Ne8 18. Bh3 Rf6 19. Nxd5 exd5 20. Bxd7 Qd8 21. Bxc6 Rxc6 22. Ne5 Re6 23. Qh5 Nd6 24. Re1 Qb6 25. Nd7 Qxb2 26. Qxd5 1-0

[Event "Bosnjaci op 10th (Women)"]
[Site "Bosnjaci"]
[Date "2004.??.??"]
[Round "9"]
[White "Sargac, Rajna"]
[Black "Pahor, Andrea"]
[Result "1-0"]
[WhiteElo "2196"]
[BlackElo "2062"]
[PlyCount "73"]
[EventDate "2004.01.??"]
[EventType "swiss"]
[EventRounds "9"]
[EventCountry "CRO"]
[SourceTitle "CBM 098 Extra"]
[Source "ChessBase"]
[SourceDate "2004.03.10"]
[SourceVersion "2"]
[SourceVersionDate "2004.03.10"]
[SourceQuality "1"]

1. Nf3 Nf6 2. g3 b6 3. Bg2 Bb7 4. 0-0 e6 5. b3 Be7 6. Bb2 0-0 7. c4 c5 8. Nc3 d5 9. cxd5 Nxd5 10. Nxd5 Bxd5 11. Qc2 Nd7 12. e4 Bb7 13. d4 Rc8 14. Qe2 Nf6 15. e5 Nd5 16. Rfd1 Rc7 17. Rac1 Qa8 18. dxc5 Rxc5 19. Rxc5 Bxc5 20. Ng5 h6 21. Ne4 Be7 22. Qg4 Kh8 23. Nd6 Bc6 24. Rc1 b5 25. Qh5 Kg8 26. h4 b4 27. Rc4 Bxd6 28. exd6 f6 29. Qg4 Qe8 30. Rxc6 Qxc6 31. Qxe6+ Kh8 32. Bxd5 Qc2 33. Qe7 Rb8 34. Bxf6 gxf6 35. Qxf6+ Kh7 36. Qe7+ Kh8 37. Qe5+ 1-0

[Event "CRO-chT (Women)"]
[Site "Rabac"]
[Date "2003.09.14"]
[Round "8"]
[White "Pahor, Andrea"]
[Black "Franciskovic, Dubravka"]
[Result "1/2-1/2"]
[WhiteElo "2076"]
[BlackElo "1991"]
[PlyCount "77"]
[EventDate "2003.09.07"]
[EventType "team"]
[EventRounds "9"]
[EventCountry "CRO"]
[SourceTitle "CBM 096 Extra"]
[Source "ChessBase"]
[SourceDate "2003.10.22"]
[SourceVersion "2"]
[SourceVersionDate "2003.10.20"]
[SourceQuality "1"]

1. c4 e5 2. Nc3 g6 3. g3 Bg7 4. Bg2 Nf6 5. Nf3 d6 6. 0-0 0-0 7. d3 Re8 8. Rb1 e4 9. dxe4 Nxe4 10. Nxe4 Rxe4 11. Nd2 Re8 12. b3 Nc6 13. Bb2 Bxb2 14. Rxb2 Qf6 15. Rb1 Bg4 16. Bf3 h5 17. Ne4 Qe5 18. Qd5 Kg7 19. Qxe5+ Rxe5 20. Nc3 Nd4 21. Bxb7 Rb8 22. Bg2 Nxe2+ 23. Nxe2 Rxe2 24. Rfe1 Rbe8 25. Kf1 Rxe1+ 26. Rxe1 Rxe1+ 27. Kxe1 Kf6 28. Kd2 a5 29. f4 Bd7 30. Kc3 c5 31. Be4 g5 32. Kd2 gxf4 33. gxf4 Be6 34. Bd3 Bd7 35. Ke3 Bc6 36. Bc2 Bd7 37. Bd3 Bc6 38. Bc2 Bd7 39. Bd3 1/2-1/2

[Event "CRO-chT (Women)"]
[Site "Rabac"]
[Date "2003.09.07"]
[Round "1"]
[White "Dokmanovic, Nina"]
[Black "Pahor, Andrea"]
[Result "1/2-1/2"]
[WhiteElo "2095"]
[BlackElo "2076"]
[PlyCount "146"]
[EventDate "2003.09.07"]
[EventType "team"]
[EventRounds "9"]
[EventCountry "CRO"]
[SourceTitle "CBM 096 Extra"]
[Source "ChessBase"]
[SourceDate "2003.10.22"]
[SourceVersion "2"]
[SourceVersionDate "2003.10.20"]
[SourceQuality "1"]

1. e4 c5 2. Nc3 e6 3. f4 d6 4. Nf3 a6 5. a4 b6 6. g3 Bb7 7. Bg2 Qc7 8. 0-0 Nc6 9. d3 Nf6 10. h3 Be7 11. Be3 0-0 12. Ne2 d5 13. e5 Nd7 14. c3 b5 15. d4 bxa4 16. Rxa4 Nb6 17. Ra2 Nc4 18. Bf2 cxd4 19. Nexd4 Rfc8 20. Nxc6 Qxc6 21. Nd4 Qd7 22. b3 Nb6 23. Qf3 Bc5 24. Rfa1 Bxd4 25. Bxd4 Qc6 26. Bf1 Nd7 27. b4 Rf8 28. Bd3 f6 29. Qh5 f5 30. Qe2 Nb6 31. Bxa6 Nc4 32. b5 Qc7 33. Qf2 Rfb8 34. Ra4 Qc8 35. Qa2 Bxa6 36. Rxa6 Rxa6 37. Qxa6 Qe8 38. b6 Qc6 39. Rb1 Nd2 40. Qb5 Nf3+ 41. Kf2 Nxd4 42. cxd4 Qc2+ 43. Kf1 Qc3 44. Qb3 Qxd4 45. b7 Qe4 46. Kf2 Qd4+ 47. Qe3 Qa4 48. Qb6 Qd7 49. Qa7 Qc7 50. Rc1 Qxb7 51. Qc5 Qb6 52. Qxb6 Rxb6 53. Rc7 h5 54. h4 Kf8 55. Rd7 Rb8 56. Ke3 Ra8 57. Rc7 Re8 58. Kd4 Re7 59. Rc3 Kf7 60. Ra3 Rc7 61. Kd3 Ke7 62. Ra6 Rb7 63. Ra3 Kd7 64. Rc3 g6 65. Ra3 Rb6 66. Ra7+ Kc6 67. Ra3 Rb7 68. Rc3+ Kd7 69. Kd4 Rb4+ 70. Kd3 Re4 71. Ra3 d4 72. Kd2 Ke7 73. Ra7+ Kf8 1/2-1/2

[Event "Punat (Women)"]
[Site "Punat"]
[Date "2003.09.01"]
[Round "8"]
[White "Kaps, Darja"]
[Black "Pahor, Andrea"]
[Result "1-0"]
[WhiteElo "2237"]
[BlackElo "2076"]
[PlyCount "53"]
[EventDate "2003.08.27"]
[EventType "tourn"]
[EventRounds "11"]
[EventCountry "CRO"]
[EventCategory "1"]
[SourceTitle "EXT 2004"]
[Source "ChessBase"]
[SourceDate "2003.11.25"]
[SourceVersion "1"]
[SourceVersionDate "2003.11.25"]
[SourceQuality "1"]

1. e4 c5 2. Nf3 e6 3. d4 cxd4 4. Nxd4 a6 5. Bd3 Nf6 6. 0-0 d6 7. a4 b6 8. Be3 Bb7 9. Nd2 Be7 10. f4 Nbd7 11. Qf3 0-0 12. c3 Nc5 13. Bc2 d5 14. e5 Nfe4 15. Qh3 g6 16. N2f3 Rc8 17. g4 Re8 18. Rad1 Qc7 19. f5 Bf8 20. b4 Nd7 21. Bxe4 dxe4 22. Ng5 h6 23. fxe6 fxe6 24. Ndxe6 Qc6 25. Nxf8 Rxf8 26. Qxh6 Rxf1+ 27. Rxf1 1-0

[Event "CRO Cup"]
[Site "Rabac"]
[Date "2003.05.30"]
[Round "5"]
[White "Kaps, Darja"]
[Black "Pahor, Andrea"]
[Result "1-0"]
[WhiteElo "2246"]
[BlackElo "2034"]
[PlyCount "35"]
[EventDate "2003.05.26"]
[EventType "team"]
[EventRounds "5"]
[EventCountry "CRO"]
[SourceTitle "EXT 2005"]
[Source "ChessBase"]
[SourceDate "2004.11.15"]
[SourceVersion "1"]
[SourceVersionDate "2004.11.15"]
[SourceQuality "1"]

1. e4 c5 2. Nf3 e6 3. d4 cxd4 4. Nxd4 a6 5. Bd3 d5 6. exd5 Qxd5 7. 0-0 Nd7 8. Be3 Ngf6 9. Nc3 Qe5 10. Re1 Qc7 11. Qe2 Be7 12. Bg5 Nc5 13. Nf5 exf5 14. Bxf6 Ne6 15. Nd5 Qa5 16. Qe5 Bd8 17. Bxg7 Rg8 18. Nf6+ 1-0

[Event "CRO Cup"]
[Site "Rabac"]
[Date "2003.05.26"]
[Round "1"]
[White "Djeno, Snjezana"]
[Black "Pahor, Andrea"]
[Result "0-1"]
[WhiteElo "2048"]
[BlackElo "2034"]
[PlyCount "76"]
[EventDate "2003.05.26"]
[EventType "team"]
[EventRounds "5"]
[EventCountry "CRO"]
[SourceTitle "CBM 094 Extra"]
[Source "ChessBase"]
[SourceDate "2003.07.09"]
[SourceVersion "2"]
[SourceVersionDate "2003.07.09"]
[SourceQuality "1"]

1. e4 c5 2. Nc3 e6 3. g3 b6 4. Bg2 Bb7 5. f4 d6 6. Nf3 Nf6 7. d3 Be7 8. 0-0 a6 9. h3 Qc7 10. g4 0-0 11. g5 Nfd7 12. Ne2 d5 13. Ng3 c4 14. Qe2 b5 15. d4 dxe4 16. Nxe4 Nb6 17. Ne5 Nc6 18. Nxc6 Bxc6 19. f5 exf5 20. Rxf5 Rae8 21. Qf2 Bxe4 22. Bxe4 Bd6 23. Qg2 c3 24. b3 Re7 25. Rf1 Rfe8 26. Bc6 Rd8 27. h4 b4 28. h5 Bg3 29. g6 Rxd4 30. gxf7+ Kf8 31. Bg5 Re6 32. Rad1 Qe5 33. Kh1 Rxd1 34. Rxd1 Qxg5 35. Qf3 Qh4+ 36. Kg2 Qh2+ 37. Kf1 Rf6 38. Rd8+ Kxf7 0-1

[Event "Mediterranean Flower (Women)"]
[Site "Rijeka"]
[Date "2003.03.11"]
[Round "5"]
[White "Vajda, Szidonia"]
[Black "Pahor, Andrea"]
[Result "1/2-1/2"]
[WhiteElo "2382"]
[BlackElo "2034"]
[PlyCount "106"]
[EventDate "2003.03.07"]
[EventType "tourn"]
[EventRounds "9"]
[EventCountry "CRO"]
[SourceTitle "CBM 093 Extra"]
[Source "ChessBase"]
[SourceDate "2003.05.09"]
[SourceVersion "1"]
[SourceVersionDate "2003.05.09"]
[SourceQuality "1"]

1. e4 c5 2. Nf3 e6 3. c3 d5 4. exd5 Qxd5 5. d4 Nf6 6. Be3 cxd4 7. cxd4 Nc6 8. a3 a6 9. Nc3 Qd6 10. Bd3 Be7 11. 0-0 0-0 12. Qc2 g6 13. Rad1 Bd7 14. Rfe1 Rac8 15. Qe2 Qb8 16. Bg5 Rfe8 17. Bb1 Nd5 18. Nxd5 exd5 19. Qd2 Bd6 20. Ba2 Be6 21. h3 b5 22. Re2 b4 23. a4 Na5 24. Ne5 Nc4 25. Qf4 b3 26. Bb1 Nxe5 27. dxe5 Rc4 28. Rd4 Bc5 29. Rxc4 dxc4 30. Qf3 Qc7 31. Bf6 Qd7 32. Be4 Qxa4 33. Bc6 Qa1+ 34. Kh2 Rc8 35. Bb7 Rb8 36. Rd2 Qa5 37. Qd1 Qb6 38. Bxa6 Qc7 39. f4 Be7 40. Rd4 Bxf6 41. exf6 c3 42. bxc3 b2 43. Bd3 Ba2 44. Qe1 b1Q 45. Bxb1 Bxb1 46. Qe7 Qc8 47. c4 Qf8 48. c5 Re8 49. Qa7 Ra8 50. Qe7 Re8 51. Qb7 Rb8 52. Qe7 Re8 53. Qa7 Ra8 1/2-1/2